|
|
|
|
| LEADER |
01338nam a2200361 a 4500 |
| 001 |
000334106 |
| 003 |
CZ BrMZK |
| 005 |
20220210132102.0 |
| 007 |
ta |
| 008 |
970627s1996 xr f s 0 cze d |
| 020 |
|
|
|a 80-901943-3-8
|
| 040 |
|
|
|a OSA001
|b cze
|
| 043 |
|
|
|a e-xr---
|
| 045 |
|
|
|a x7x9
|
| 072 |
|
7 |
|a 616
|x Patologie. Klinická medicína
|2 Konspekt
|9 14
|
| 080 |
|
|
|a 616-006.04
|2 MRF
|
| 080 |
|
|
|a 614.1:616-01
|2 MRF
|
| 080 |
|
|
|a (437.3)
|2 MRF
|
| 080 |
|
|
|a (048.8:083.41)
|2 MRF
|
| 100 |
1 |
|
|a Geryk, Edvard,
|d 1951-
|7 mzk2004246427
|4 aut
|
| 245 |
1 |
0 |
|a Vývoj incidence zhoubných nádorů v České republice 1977-1991 /
|c Edvard Geryk ... [et al.].
|
| 260 |
|
|
|a Brno :
|b Masarykův onkologický ústav,
|c 1996
|
| 300 |
|
|
|a 345 s. ;
|c 29 cm
|
| 500 |
|
|
|a Vyd. Rada národního onkologického registru - Bibliogr.
|
| 648 |
|
4 |
|a 1977-1991
|
| 648 |
|
4 |
|a 1971-2000
|
| 650 |
0 |
7 |
|a maligní nádorová onemocnění
|z Česko
|y 1971-2000
|7 ph170635
|2 czenas
|
| 650 |
0 |
7 |
|a zdravotní stav obyvatelstva
|z Česko
|y 1971-2000
|7 ph137836
|2 czenas
|
| 655 |
|
7 |
|a statistické přehledy
|7 fd133587
|2 czenas
|
| 710 |
2 |
|
|a Národní onkologický registr České republiky.
|b Rada
|7 kn20020321279
|
| 910 |
|
|
|a BOA001
|b 4-1047.561
|
| 990 |
|
|
|a BK
|
| 996 |
7 |
|
|b 2610074533
|c 4-1047.561
|l MZK
|r Sklad / do 1 hodiny
|n 13
|p p.v.
|w 000334106
|u 000010
|a 1
|e BOA001
|j MZK50
|s A
|